00486nam a2200145 a 4500008004100000020001800041050002500059110004400084245010100128260003900229300001000268350000900278650003800287710001500325080303s2007 ||||||||||||||||| || u a9780821373101 aIBRD-IFC(058)AR/2007 aInternational Finance Corporation (IFC)10aInternational Finance Corporation annual report 2007: an integrated report, creating opportunity aWashington, D.C.bWorld Bankc2007 a168p. a0.00 aINTERNATIONAL FINANCE CORPORATION aWorld Bank